Giáo trình hóa dược Dành cho sinh viên đại học ngành Hoá
Đại cương về hoá dược. Thuốc tác dụng lên hệ thần kinh, lên cơ quan và lên máu. Hooc môn và các thuốc tuyến nội tiết
Shranjeno v:
| Glavni avtor: | |
|---|---|
| Drugi avtorji: | |
| Format: | Knjiga |
| Jezik: | Vietnamese |
| Izdano: |
H.
Đại học Sư phạm
2008
|
| Teme: | |
| Oznake: |
Označite
Brez oznak, prvi označite!
|
| Thư viện lưu trữ: | Mạng thư viện Đại học Đà Nẵng |
|---|
| LEADER | 01426aam a22003738a 4500 | ||
|---|---|---|---|
| 001 | 000016465 | ||
| 003 | 12867 | ||
| 005 | 20121105081134.0 | ||
| 008 | 121105s2008 viesd | ||
| 020 | |c 59000đ |d 1000b | ||
| 041 | 0 | |a vie | |
| 082 | 1 | 4 | |2 14 |a 615.1 |b PH-Đ |
| 100 | 1 | |a Phạm Hữu Điển | |
| 245 | 1 | 0 | |a Giáo trình hóa dược |b Dành cho sinh viên đại học ngành Hoá |c Phạm Hữu Điển, Nguyễn Quyết Tiến |
| 260 | |a H. |b Đại học Sư phạm |c 2008 | ||
| 300 | |a 355tr. |b bảng |c 24cm | ||
| 504 | |a Thư mục: tr. 343 | ||
| 520 | |a Đại cương về hoá dược. Thuốc tác dụng lên hệ thần kinh, lên cơ quan và lên máu. Hooc môn và các thuốc tuyến nội tiết | ||
| 650 | 7 | |2 Bộ TK TVQG |a Dược phẩm | |
| 650 | 7 | |2 Bộ TK TVQG |a Thuốc | |
| 650 | 7 | |2 Bộ TK TVQG |a Dược lí | |
| 650 | 7 | |2 Bộ TK TVQG |a Hoá dược | |
| 655 | 7 | |2 Bộ TK TVQG |a Giáo trình | |
| 700 | 1 | |a Nguyễn Quyết Tiến | |
| OWN | |a LSP | ||
| AVA | |a UDN50 |b LSP |d 615.1 PH-Đ |e check_holdings |t Error 5003 Not defined in file expand_doc_bib_avail. |h N |k 1 | ||
| 999 | |a From the UDN01 | ||
| AVA | |a UDN50 |b LSP |d 615.1 PH-Đ |e available |t Error 5001 Not defined in file expand_doc_bib_avail. |f 15 |g 0 |h N |i 1 |k 1 | ||
| TYP | |a Monograph | ||
| TYP | |a Printed language | ||
| 980 | |a Mạng thư viện Đại học Đà Nẵng | ||